LEADER 01636nam1-2200433---450- 001 990001326360203316 005 20040813102102.0 035 $a000132636 035 $aUSA01000132636 035 $a(ALEPH)000132636USA01 035 $a000132636 100 $a20031230g19..----km-y0itay0103----ba 101 0 $aeng 102 $aSE 105 $a||||||||001yy 200 1 $a<> problem of chemical and biological warfare$ea study of the historical, technical, military, legal and political aspects of CBW and possible disarmament measures$fSIPRI, Stockholm International Peace Research Institute 210 $aStockholm [etc.]$cAlmqvist and Wiksell$d19..- 215 $av.$d23 cm. 410 0$12001 454 1$12001 461 1$1001-------$12001 463 \1$1001990001326380203316$12001 $a<<2.>> : CB weapons today 463 \1$1001990001326410203316$12001 $a<<3.>> : CBW and the law of war 463 \1$1001990001928810203316$12001 $a<<5.>> : <> prevention of CBW 463 \1$1001990001928840203316$12001 $a<<4.>> : CB disarmament negotiations, 1920-1970 463 \1$1001990001928870203316$12001 $a<<1.>> : <> rise of CB weapons 606 0 $aArmi 676 $a623.4 710 02$aStockholm international peace research institute$0278801 801 0$aIT$bsalbc$gISBD 912 $a990001326360203316 951 $aI I 332$bL.M.$cI I 959 $aBK 969 $aUMA 979 $aSIAV4$b10$c20031230$lUSA01$h1642 979 $aPATRY$b90$c20040406$lUSA01$h1734 979 $aSIAVER$b90$c20040813$lUSA01$h1021 996 $aProblem of chemical and biological warfare$9778219 997 $aUNISA LEADER 01644nam 22005175 450 001 9910131730303321 005 20110117000000.0 035 $a(CKB)3460000000087709 035 $a(ItFiC)it 02448969 035 $a(SSID)ssj0000724813 035 $a(PQKBManifestationID)12292345 035 $a(PQKBTitleCode)TC0000724813 035 $a(PQKBWorkID)10729521 035 $a(PQKB)11438303 035 $a(EXLCZ)993460000000087709 100 $a20110322d2011 uy 0 101 0 $aita 181 $ctxt 182 $cc 183 $acr 200 00$aAldo Palazzeschi a Roma $eatti della giornata di studi : Casa di Goethe, Roma, 20 aprile 2009 /$fa cura di Gino Tellini 210 $aFirenze $cSocietā editrice fiorentina$d2011 215 $a235 p. $cill. (some col.) ;$d22 cm 225 0 $aBiblioteca Palazzeschi Aldo Palazzeschi a Roma 225 0$aBiblioteca Palazzeschi ;$v8 300 $aProceedings. 300 $aA. Palazzeschi (1885-1974). 300 $aRome (Lazio). 311 $a88-6032-147-6 320 $aIncludes bibliographical references. 517 $aAldo Palazzeschi a Roma 606 $aRomance Literatures$2HILCC 606 $aLanguages & Literatures$2HILCC 606 $aItalian Literature$2HILCC 607 $aRome (Italy)$xIn literature$vCongresses 615 7$aRomance Literatures 615 7$aLanguages & Literatures 615 7$aItalian Literature 676 $a853 701 $aTellini$b Gino$0152761 712 02$aCasa di Goethe 801 0$bItFiC 906 $aBOOK 912 $a9910131730303321 996 $aAldo Palazzeschi a Roma$92427089 997 $aUNINA